| 000 | 00487nam a2200169Ia 4500 | ||
|---|---|---|---|
| 999 |
_c7803 _d7803 |
||
| 003 | OSt | ||
| 005 | 20200130124119.0 | ||
| 008 | 190216s9999||||xx |||||||||||||| ||und|| | ||
| 020 | _a9788120330740 | ||
| 040 | _coclc | ||
| 082 |
_a332.632 _bKUM/F |
||
| 100 |
_aKumar, S S S _91120 |
||
| 245 | 0 |
_aFinancial Derivatives / _c S S S Kumar |
|
| 260 |
_bPHI Learning Private Ltd, _c2010. _aNew Delhi: |
||
| 300 | _a401p | ||
| 942 |
_cBK _2ddc _h332.632 _iKUM/F _k332.632 _mKUM/F |
||